000 00306nam a2200121Ia 4500
008 190723s9999 xx 000 0 und d
020 _a13:978-00741558-1
100 _aDe Janasz
245 0 _aInterpersonal Skils in Organisations
260 _aNew York
_bMcGraw Hill
_c2011
300 _a499
942 _cBK
999 _c1226
_d1226